000 00352 a2200145 4500
001 170271
020 _a
040 _cMagnum
100 _aColegio Magnum Agostiniano - 2ยช Series
240 1 0 _aProjeto cientifico da lingua portuguesa
_lpor
245 1 0 _aProjeto cientifico da lingua portuguesa
362 0 _a1899
697 _aGERAL
942 _cBK
999 _c170271
_d170271